Multiple Choice General Knowledge #2 - Statistics

General Stats
  • This quiz has been taken 96 times
  • The average score is 8 of 15
Answer Stats
Question Answer % Correct
Where is the Big Ben located? London
100%
Which is the highest population country in the world? India
90%
Which queen made the famous quote: "Let them eat cake!"? Marie Antoinette
90%
Which country has the lowest population in the world? Vatican City
90%
Who was Rutherford Hayes? A president of the United States
80%
What is the most watched video on YouTube? Baby Shark
70%
What is the most dangerous living thing on Earth? Mosquito
70%
What is Epcot? A park in Florida
60%
What is Ariana Grande's most popular song? Thank U, Next
40%
Which Kids TV show is the most popular in America? Paw Patrol
20%
What ever happened to the Great Sphinx of Giza's nose? It got shot off
10%
Where is the Lincoln Monument located? Laramie, Wyoming
10%
Who was the first American born president? Martin Van Buren
10%
Which star is the biggest star of the universe? (that we know of) Stephenson 2-18
10%
Which is the most commonly used meme sound effect? Oof
0%
No matching quizzes found
Score Distribution
Percent of People with Each Score
Percentile by Number Answered
Your Score History
You have not taken this quiz